Questioni di genere /

में बचाया:
ग्रंथसूची विवरण
मुख्य लेखक: Connell, Raewyn
स्वरूप: पुस्तक
भाषा:इतालवी
प्रकाशित: Bologna : Il Mulino, 2011
संस्करण:2. ed
श्रृंखला:Itinerari. Sociologia
विषय:
टैग: टैग जोड़ें
कोई टैग नहीं, इस रिकॉर्ड को टैग करने वाले पहले व्यक्ति बनें!

MARC

LEADER 00000nam a22000007i 4500
001 IT\ICCU\MOD\1592823
003 ItRI
005 20260306172735.0
008 111028s2011 it |||||| ||||| |||||c
020 |a 9788815232533 
040 |b ita  |c importazione bologna sebina 
041 7 |a ita  |2 ISO-639-2 
082 |a 305.3  |2 21 
100 1 |a Connell, Raewyn  |0 IT\ICCU\UBOV\368168 
240 1 0 |a Gender.  |9 Connell, Raewyn 
245 1 0 |a Questioni di genere /  |c Raewyn Connell. 
250 |a 2. ed 
260 |a Bologna :  |b Il Mulino,  |c 2011 
300 |a 276 p. ;  |c 22 cm 
500 |a Edizione italiana a cura di Roberta Sassatelli, traduzione di Rossella Ghigi 
500 |a Traduzione italiana 
650 7 |a Identità sessuale  |x Aspetti socio-culturali 
830 0 |a Itinerari. Sociologia  |0 IT\ICCU\CFI\0540266 
942 |2 ddc  |c BK  |n 0 
952 |0 0  |1 0  |4 0  |6 DOC_305_300000000000000_CON  |7 0  |9 19367  |a BO  |b BO  |d 2026-01-15  |i 18523  |l 0  |o DOC 305.3 CON  |p BO18523  |r 2026-01-15 23:20:47  |w 2026-01-15  |x [Sebina 5] [1 v.]  |y BK  |z 1 v. 
952 |0 0  |1 0  |2 ddc  |4 0  |6 305_300000000000000_CON_QUE  |7 0  |9 33220  |a RO  |b RO  |d 2026-03-06  |l 0  |o 305.3 CON QUE  |p 11748  |r 2026-03-06 15:53:39  |w 2026-03-06  |y BK  |z Donato da Eva Croce 
999 |c 16492  |d 16492